Doing business in Sharjah.
| Corporate Author: | |
|---|---|
| Format: | Book |
| Published: |
[S.l]:
Sharjah Chamber of Commerce & Industry,
[200-].
|
| Subjects: |
| LEADER | 00477cam a2200145 7i4500 | ||
|---|---|---|---|
| 001 | 0000015179 | ||
| 005 | 20050329090000.0 | ||
| 090 | 0 | 0 | |a UAE 338.7 |b SHA |
| 110 | 2 | 0 | |a Sharjah Chamber of Commerce & Industry |
| 245 | 2 | 0 | |a Doing business in Sharjah. |
| 260 | 0 | 0 | |a [S.l]: |b Sharjah Chamber of Commerce & Industry, |c [200-]. |
| 300 | # | # | |a 94 p. |
| 650 | 0 | 0 | |a Business -- |z Sharjah, United Arab Emirates |
| 651 | 0 | 0 | |a United Arab Emirates |
| 999 | |a 0000016940 |b Book |c Countries |e Business Information Centre | ||